003420000a2200073000450024500280000030000640002852001620009277300140025410aMás futuro que pasado aVol.0, núm.722 (30 Abril - 6 mayo, 2007), Páginas 56-58 aEcopetrol volvió a ser la compañía número uno del país en 2006, pero toda la atención tiene que ver con la privatización del 20% de la empresa.0 tCambio 16